Prague Studies in Mathematical Linguistics. roč.6, 1978

Bibliographic Details
Format: Book
Language:Undetermined
Published: Praha Academia 1978

MARC

LEADER 00000nam a2200000 a 4500
001 vtls001417013
003 SK-MaSNL
005 20260224155107.0
008 210928s1978 xx 0 und
035 |a SNK000371792 
040 |a SNK  |b slo  |c SNK  |e AACR2 
245 1 |a Prague Studies in Mathematical Linguistics. roč.6, 1978 
260 |a Praha  |b Academia  |c 1978 
958 |a OND 
999 |c 1069692  |d 1071622 
952 |a SNK  |b SNK  |y PREZ  |7 0  |p 17A0306728  |o snkČC 2380/6/1978  |0 0  |1 1  |4 0  |d 2001-07-17  |l 0  |r 2005-01-02 00:00:00  |w 2026-02-24